000 00698nam a2200205Ia 4500
003 GCL
008 140319s9999 xx 000 0 ara d
040 _aGCL /
_cGCL
082 0 4 _a413.1
_bا م
100 1 _aابراهيم السامرائى
245 1 0 _aالمرجع فى الاباء والامهات والبنين والبنات والازواج والزوجات /
_cابراهيم السامرائى
700 1 _aبن الاثير، مجد الدين المبارك
260 _a[S.N] :
_bدار الجيل ،
_c1991
300 _a367
490 _a
650 0 4 _aاللغة العربية
650 0 4 _aالمعاجم
650 0 4 _aالاسماء الحسنى
942 _2ddc
_cBK
999 _c53635
_d53635